| 000 | 00000nas 2200000za 4500 |
| 001 | 9.869590 |
| 003 | CaOODSP |
| 005 | 20250616121243 |
| 006 | m o d f |
| 007 | cr ||||||||||| |
| 008 | 190308c20159999onc x p o f0###a0fre|d |
| 040 | |aCaOODSP|bfre|cCaOODSP|erda |
| 043 | |an-cn--- |
| 086 | 1 |aE74-95F-PDF |
| 245 | 00|aGuide de la liste des marchandises et technologies d'exportation contrôlée du Canada. |
| 264 | 1|a[Ottawa] : |b[Direction générale de la réglementation commercial, Affaires mondiales Canada], |c2015- |
| 310 | |aIrrégulier |
| 336 | |atexte|btxt|2rdacontent/fre |
| 337 | |ainformatique|bc|2rdamedia/fre |
| 338 | |aressource en ligne|bcr|2rdacarrier/fre |
| 362 | 0 |aDécembre 2015- |
| 500 | |aPublié aussi en anglais sous le titre : A guide to Canada's export control list. |
| 692 | 07|2gccst|aExportation |
| 692 | 07|2gccst|aCommerce extérieur |
| 710 | 1 |aCanada. |bAffaires mondiales Canada. |bDirection générale de la réglementation commerciale. |
| 775 | 08|tA guide to Canada's export control list. |w(CaOODSP)9.869583 |
| 780 | 00|tGuide des contrôles à l'exportation du Canada / |w(CaOODSP)9.869562 |